Records of the Zoological Survey of India : (Record no. 73355)
[ view plain ]
| 000 -LEADER | |
|---|---|
| fixed length control field | 01101nam a2200265 a 4500 |
| 001 - CONTROL NUMBER | |
| control field | 73355 |
| 003 - CONTROL NUMBER IDENTIFIER | |
| rucl marc code | BD-RjUL |
| 005 - DATE AND TIME OF LATEST TRANSACTION | |
| control field | 20211209082403.0 |
| 008 - FIXED-LENGTH DATA ELEMENTS--GENERAL INFORMATION | |
| fixed length control field | 170530s1982 ii a|||| b||| 00| 0 eng d |
| 035 ## - SYSTEM CONTROL NUMBER | |
| System control number | (BD-RjUL)73573 |
| 040 ## - CATALOGING SOURCE | |
| Original cataloging agency | BD-RjUL |
| Language of cataloging | eng |
| Transcribing agency | BD-RjUL |
| 041 ## - LANGUAGE CODE | |
| Language code of text/sound track or separate title | eng |
| 082 ## - DEWEY DECIMAL CLASSIFICATION NUMBER | |
| Edition number | 23 |
| Classification number | 590.7230954 |
| Author mark and year | REC 1982(LAK) |
| 245 00 - TITLE STATEMENT | |
| Title | Records of the Zoological Survey of India : |
| Remainder of title | Notes on the type collection of the chewing-lice (Phthiraptera, Mallophaga S. L. , : Insecta) in the Zoological Survey of India / |
| Statement of responsibility, etc. | by K. V. Lakshminarayana ; edited by Zoological Survey of India |
| 260 ## - PUBLICATION, DISTRIBUTION, ETC. (IMPRINT) | |
| Place of publication, distribution, etc. | Calcutta : |
| Name of publisher, distributor, etc. | Zoological Survey of India, |
| Date of publication, distribution, etc. | c1982. |
| 300 ## - PHYSICAL DESCRIPTION | |
| Pagination | [4], 37 p., [7 plates] : |
| Illustrations | ill. ; |
| Size | 25 cm. |
| 490 ## - SERIES STATEMENT | |
| Series statement | Miscellaneous Publication: Occasional paper; |
| Volume/sequential designation | no. 33 |
| 504 ## - BIBLIOGRAPHY, ETC. NOTE | |
| Bibliography, etc | Includes bibliographies. |
| 650 ## - SUBJECT ADDED ENTRY--TOPICAL TERM | |
| Topical term or geographic name as entry element | Mallophaga. |
| 9 (RLIN) | 216969 |
| Topical term or geographic name as entry element | Zoology |
| General subdivision | Descriptive Research |
| Geographic subdivision | India |
| 9 (RLIN) | 234275 |
| 700 ## - ADDED ENTRY--PERSONAL NAME | |
| Personal name | Lakshminarayana, K. V. |
| 710 ## - ADDED ENTRY--CORPORATE NAME | |
| Corporate name or jurisdiction name as entry element | Zoological Survey of India, ed. |
| 9 (RLIN) | 234277 |
| 830 ## - SERIES ADDED ENTRY--UNIFORM TITLE | |
| Uniform title | Miscellaneous Publication: Occasional paper; |
| Volume number/sequential designation | no. 33 |
| 942 ## - ADDED ENTRY ELEMENTS (KOHA) | |
| Source of classification or shelving scheme | Dewey Decimal Classification |
| Koha item type | Books |
| Lost status | Source of classification or shelving scheme | Damaged status | Not for loan | Collection code | Permanent Location | Current Location | Shelving location | Date acquired | Source of acquisition | Cost, normal purchase price | Total Checkouts | Full call number | Date last seen | Copy number | Koha item type |
|---|---|---|---|---|---|---|---|---|---|---|---|---|---|---|---|
| Dewey Decimal Classification | Not For Loan | Rare Books | Central Library, University of Rajshahi | Central Library, University of Rajshahi | Rare Book Section | 15/05/1996 | Century Book, Rajshahi | 5.00 | RA 590.7230954 REC 1982(LAK) | 30/05/2017 | C-1 | Rare Books |